000 00621nam a2200169 a 4500
001 000039588
005 20201002033632.0
008 130708s2008 cu d 000 0 spa d
020 _a9789592701267
040 _aDO-SdBNP
_bspa
_cBNPHU
082 _axxx
100 1 _aBarzev, Radoslav Dimitrov,
_d1971-
_965752
245 1 0 _aMecanismos financieros para la conservación de los recursos naturales :
_bguía metodologíca /
_cRadoslav Barzev.
260 _aLa Habana :
_bAcademia,
_c2008.
300 _a95 p. :
_bdiagrs. ;
_c23 cm.
500 _aPublicación financiada en el marco del Proyecto PNUD/GEF Sabana-Camagüey-Fase 3.
999 _c39078
_d39078